[Event "Krakow op-B 30th"]
[Site "Krakow"]
[Date "2020.01.02"]
[Round "7"]
[White "Buraczynski, Radoslaw"]
[Black "Musial, Tomasz"]
[Result "0-1"]
[WhiteElo "1963"]
[BlackElo "2009"]
[PlyCount "108"]
[EventDate "2019.12.27"]
[EventType "swiss"]
[EventRounds "9"]
[EventCountry "POL"]
[SourceTitle "CBM 195 Extra"]
[Source "ChessBase"]
[SourceDate "2020.05.31"]
[SourceVersion "1"]
[SourceVersionDate "2020.05.31"]
[SourceQuality "1"]

1. e4 c6 2. d4 d5 3. Nc3 dxe4 4. Nxe4 Bf5 5. Ng3 Bg6 6. Nh3 Nf6 7. Nf4 e5 8. Nxg6 hxg6 9. dxe5 Qxd1+ 10. Kxd1 Ng4 11. Ke1 Nxe5 12. Be2 f6 13. Be3 Nbd7 14. Rd1 Bc5 15. Bxc5 Nxc5 16. b3 Ne6 17. Ne4 Ke7 18. g3 Rad8 19. f4 Rxd1+ 20. Bxd1 Nd7 21. c3 f5 22. Nd2 g5 23. fxg5 Nxg5 24. Bc2 g6 25. h4 Ne5 26. Rf1 Ngf7 27. Nf3 Ng4 28. Kd2 Rd8+ 29. Kc1 Kf6 30. Re1 c5 31. Rd1 Rxd1+ 32. Bxd1 Nf2 33. Bc2 Nh1 34. g4 fxg4 35. Nh2 Nf2 36. Nf1 Nd6 37. Kd2 Nfe4+ 38. Ke3 Nxc3 39. Kf4 Nxa2 40. Ne3 Nb4 41. Nxg4+ Kg7 42. Bb1 Nc6 43. Bc2 Nd4 44. Bd1 N6f5 45. h5 gxh5 46. Ne5 h4 47. Nf3 Nxf3 48. Bxf3 Nd4 49. Bxb7 Nxb3 50. Ke3 Kf6 51. Bd5 Nd4 52. Kd3 Ke5 53. Kc4 Kd6 54. Bg2 a5 0-1

[Event "Berlin Lichtenberger op 9th"]
[Site "Berlin"]
[Date "2010.08.11"]
[Round "5"]
[White "Piotrowski, Christopher"]
[Black "Buraczynski, Radoslaw"]
[Result "1/2-1/2"]
[WhiteElo "2086"]
[BlackElo "1789"]
[PlyCount "113"]
[EventDate "2010.08.07"]
[EventType "swiss"]
[EventRounds "9"]
[EventCountry "GER"]
[SourceTitle "CBM 137 Extra"]
[Source "ChessBase"]
[SourceDate "2010.09.01"]
[SourceVersion "1"]
[SourceVersionDate "2010.09.01"]
[SourceQuality "1"]

1. Nf3 d5 2. g3 Bg4 3. Bg2 c6 4. 0-0 Nd7 5. d3 Ngf6 6. Nbd2 e5 7. e4 dxe4 8. dxe4 Be7 9. Qe2 0-0 10. Nc4 a5 11. a4 Qc7 12. b3 Bh5 13. Bb2 Ne8 14. Rfd1 f6 15. Qe3 Rd8 16. Bc3 b6 17. Rd2 Nd6 18. Bf1 Bf7 19. Nxd6 Bxd6 20. Bh3 Nc5 21. Nh4 g6 22. Rad1 Be7 23. Qe2 Rxd2 24. Rxd2 Rd8 25. Ng2 Rxd2 26. Bxd2 Ne6 27. Ne3 Nd4 28. Qd1 b5 29. axb5 cxb5 30. Nd5 Bxd5 31. exd5 b4 32. Be3 Qxc2 33. Qa1 Qc3 34. Qa4 Qc7 35. Qe8+ Kg7 36. Bxd4 exd4 37. Qc6 Qxc6 38. dxc6 Bd6 39. Be6 f5 40. Kf1 Kf6 41. Bc4 Ke5 42. Ke2 g5 43. f3 h5 44. h3 Bc7 45. Kd3 Bb6 46. Bf7 h4 47. gxh4 gxh4 48. Bg8 Kf4 49. Be6 Kxf3 50. Bxf5 Kf4 51. Bh7 Kg3 52. Bf5 Kf2 53. c7 Bxc7 54. Kxd4 Ke2 55. Kc4 Kd2 56. Kb5 Kc3 57. Ka4 1/2-1/2